[Event "Frankfurt Ch 2009"]
[Site "Ffm-Kalbach, LAZ"]
[Date "2009.04.27"]
[Round "1.54"]
[White "Scheerer, Michael"]
[Black "Roccasalvo, Giuseppe"]
[Result "0-1"]
[WhiteElo "1427"]
[BlackElo "1859"]
[PlyCount "90"]
[EventDate "2009.??.??"]
[WhiteTeam "Sfr. Frankfurt 1921"]
[BlackTeam "SF Plochingen"]

1. e4 Nf6 2. e5 Nd5 3. d4 d6 4. c4 Nb6 5. exd6 exd6 6. Nc3 Be7 7. Be2 Nc6 8.
Nf3 Bf6 9. Be3 O-O 10. b3 Re8 11. O-O Bg4 12. Qd2 d5 13. c5 Nc8 14. Rfe1 h6 15.
h3 Bh5 16. Rad1 N8e7 17. g4 Bg6 18. g5 hxg5 19. Bxg5 Bxg5 20. Qxg5 Nf5 21. Qxd8
Raxd8 22. Bf1 Rxe1 23. Rxe1 Nfxd4 24. Nxd4 Nxd4 25. Rd1 Nf3+ 26. Kg2 Nh4+ 27.
Kg3 Nf5+ 28. Kf4 Ne7 29. Bd3 c6 30. Bxg6 Nxg6+ 31. Kf5 Re8 32. Rd2 Re5+ 33. Kg4
Nf8 34. Re2 Rxe2 35. Nxe2 Ne6 36. b4 g6 37. Nc1 f5+ 38. Kf3 Kf7 39. a4 Kf6 40.
Nd3 a6 41. Kg3 g5 42. f4 gxf4+ 43. Kf3 Ng5+ 44. Kg2 f3+ 45. Kg3 f2 0-1

[Event "Frankfurt Ch 2009"]
[Site "Ffm-Kalbach, LAZ"]
[Date "2009.04.27"]
[Round "1.55"]
[White "Rasche, Hannes"]
[Black "Bauer, Alfred"]
[Result "1-0"]
[WhiteElo "1993"]
[BlackElo "1407"]
[PlyCount "77"]
[EventDate "2009.??.??"]
[WhiteTeam "SC Matt im Park Ffm"]
[BlackTeam "FB Mörlenbach-Birkenau"]

1. d4 d5 2. Nf3 c6 3. c4 Nf6 4. Nc3 e6 5. Bg5 Be7 6. e3 O-O 7. Bd3 Nbd7 8. O-O
Re8 9. Rc1 h6 10. Bh4 dxc4 11. Bxc4 Nf8 12. Ne5 Nd5 13. Bg3 Nd7 14. Qe2 Nxe5
15. Bxe5 Bf6 16. Ne4 Bxe5 17. dxe5 Qc7 18. f4 Bd7 19. Rf3 Kh8 20. Rh3 Re7 21.
g4 Qb6 22. Rf1 f5 23. exf6 gxf6 24. Rxh6+ Kg7 25. Rh3 Rg8 26. Rg3 Rf7 27. g5
fxg5 28. Bxd5 cxd5 29. Nxg5 Kf6 30. Qh5 Rfg7 31. b3 Be8 32. Qh4 Ke7 33. Rc1 Kd7
34. Kf2 Qa5 35. Rc2 Qb6 36. Qh3 Bg6 37. Rd2 Bf5 38. Qg2 Qa5 39. Ke1 {ZÜ} 1-0

[Event "Frankfurt Ch 2009"]
[Site "Ffm-Kalbach, LAZ"]
[Date "2009.04.27"]
[Round "1.56"]
[White "Schlosser, Sebastian"]
[Black "Czikuß, Hans-Joachim"]
[Result "1/2-1/2"]
[WhiteElo "1402"]
[BlackElo "1972"]
[PlyCount "104"]
[EventDate "2009.??.??"]
[WhiteTeam "SK Kolbermoor"]
[BlackTeam "Sfr. Frankfurt 1921"]

1. Nf3 Nf6 2. c4 e6 3. g3 b6 4. Bg2 Bb7 5. O-O c5 6. b3 Be7 7. Bb2 O-O 8. e3
Na6 9. Qe2 Nc7 10. Rd1 d5 11. d4 cxd4 12. exd4 Rc8 13. Ne5 Nd7 14. Nc3 Nxe5 15.
dxe5 Bc5 16. a3 a5 17. Rd2 Qe7 18. cxd5 exd5 19. Nxd5 Nxd5 20. Bxd5 Bxd5 21.
Rxd5 Rfd8 22. Rxd8+ Rxd8 23. Rd1 Rxd1+ 24. Qxd1 h6 25. a4 Qe6 26. Qd8+ Kh7 27.
Qd3+ Kg8 28. Kg2 Qc6+ 29. f3 Qe6 30. g4 g5 31. h3 Kg7 32. Kg3 Kg8 33. h4 gxh4+
34. Kxh4 Bf2+ 35. Kh3 Qe7 36. Kg2 Qh4 37. Kf1 Bc5 38. Bd4 Qd8 39. e6 Bxd4 40.
e7 Qxe7 41. Qxd4 Qe6 42. Qd3 Kg7 43. Kf2 Qe5 44. Kg2 Qb2+ 45. Kg3 Qe5+ 46. f4
Qe1+ 47. Kg2 Qe6 48. f5 Qc6+ 49. Qf3 Qc2+ 50. Kh3 Qb2 51. Qe3 Qf6 52. Kg3 Kg8
1/2-1/2

[Event "Frankfurt Ch 2009"]
[Site "Ffm-Kalbach, LAZ"]
[Date "2009.04.27"]
[Round "1.57"]
[White "Kulenovic, Adnan"]
[Black "Lehmann, Gerit"]
[Result "1-0"]
[WhiteElo "1854"]
[BlackElo "1394"]
[PlyCount "61"]
[EventDate "2009.??.??"]
[WhiteTeam "SK Springer Rodenbach"]
[BlackTeam "SC 1924 Lampertheim"]

1. d4 d5 2. e4 e6 3. Be3 dxe4 4. f3 Nf6 5. Nd2 b6 6. fxe4 Bb7 7. Bb5+ Nbd7 8.
Qf3 a6 9. Bd3 c5 10. Ne2 cxd4 11. Bxd4 Bc5 12. Bc3 b5 13. b4 Ba7 14. g4 h6 15.
Rf1 Bb8 16. h4 Rf8 17. Nb3 Be5 18. O-O-O Bxc3 19. Nxc3 Qc7 20. Bxb5 axb5 21.
Nxb5 Qc6 22. Nd6+ Ke7 23. Na5 Qb6 24. Naxb7 Qxb4 25. Qb3 Qxb3 26. axb3 Nxg4 27.
Rf4 Ra1+ 28. Kd2 Rxd1+ 29. Kxd1 Ngf6 30. b4 Ne8 31. Nc8# 1-0

[Event "Frankfurt Ch 2009"]
[Site "Ffm-Kalbach, LAZ"]
[Date "2009.04.27"]
[Round "1.58"]
[White "Krüger, Jens"]
[Black "Grass, Ernest"]
[Result "0-1"]
[WhiteElo "1382"]
[BlackElo "1948"]
[PlyCount "60"]
[EventDate "2009.??.??"]
[WhiteTeam "SC Nidderau"]
[BlackTeam "Sfr. Braunfels e.V."]

1. e4 c5 2. Nf3 Nc6 3. Nc3 g6 4. Bc4 Bg7 5. O-O d6 6. d3 Nf6 7. Be3 Bg4 8. Rb1
O-O 9. h3 Bxf3 10. Qxf3 Ne5 11. Qd1 Nxc4 12. dxc4 Qd7 13. Qd2 Qe6 14. Bh6 Nxe4
15. Nxe4 Bxh6 16. Qxh6 Qxe4 17. Qg5 e6 18. Qd2 Qxc4 19. Qxd6 b6 20. c3 Qxa2 21.
Rfd1 c4 22. Qb4 Qb3 23. Rd4 Qxb4 24. cxb4 b5 25. Ra1 Rfc8 26. Rd2 c3 27. bxc3
Rxc3 28. Rb2 Rc4 29. Kf1 e5 30. Ke2 f5 0-1

[Event "Frankfurt Ch 2009"]
[Site "Ffm-Kalbach, LAZ"]
[Date "2009.04.27"]
[Round "1.59"]
[White "Matthis, Peter"]
[Black "Neuhaus, Joachim"]
[Result "1-0"]
[WhiteElo "1843"]
[BlackElo "1345"]
[PlyCount "50"]
[EventDate "2009.??.??"]
[WhiteTeam "SC Heusenstamm"]
[BlackTeam "SC 1933 Somborn"]

1. e4 e6 2. d4 d5 3. Bd3 c5 4. c3 Nc6 5. Nf3 cxd4 6. cxd4 Bb4+ 7. Bd2 Qb6 8.
O-O Nge7 9. a3 Bxd2 10. Qxd2 O-O 11. Nc3 Nxd4 12. Nxd4 Qxd4 13. exd5 e5 14.
Rad1 f5 15. Nb5 Qb6 16. d6 Nc6 17. Bc4+ Kh8 18. d7 Rd8 19. dxc8=Q Raxc8 20. Nd6
Rc7 21. Qg5 Rf8 22. Nxf5 Nd4 23. Nxd4 Rxc4 24. Nf5 Rc7 25. Rd8 Qf6 1-0

[Event "Frankfurt Ch 2009"]
[Site "Ffm-Kalbach, LAZ"]
[Date "2009.04.27"]
[Round "1.60"]
[White "Stulken, Dietmar"]
[Black "Pauner, Jean-Marie"]
[Result "0-1"]
[WhiteElo "1329"]
[BlackElo "1843"]
[PlyCount "84"]
[EventDate "2009.??.??"]
[WhiteTeam "SC Brett vor'm Kopp Ffm"]
[BlackTeam "Sfr.1891 Friedberg"]

1. e4 c5 2. Nf3 Nc6 3. d4 cxd4 4. Nxd4 Nf6 5. Nc3 a6 6. Be3 g6 7. f3 Bg7 8. Qd2
O-O 9. O-O-O Qc7 10. Bh6 Nxd4 11. Bxg7 Nb3+ 12. axb3 Kxg7 13. Nd5 Nxd5 14. Qxd5
d6 15. Qc4 Qa5 16. Qa4 Qg5+ 17. Kb1 Be6 18. Qd4+ Qf6 19. Qb6 Rab8 20. Be2 Rfc8
21. Rd3 Rc6 22. Qe3 Rbc8 23. Rc1 b5 24. b4 Rc4 25. Ra3 R4c6 26. Bd3 Bc4 27. Rc3
d5 28. exd5 Bxd5 29. Rxc6 Rxc6 30. Be4 Bxe4 31. Qxe4 Rc4 32. Qe1 Qd6 33. c3 e6
34. g3 Qd3+ 35. Rc2 Qxf3 36. Qe5+ Qf6 37. Qe1 Qf5 38. Qd1 h5 39. Kc1 h4 40.
gxh4 Rxh4 41. Qe1 Rf4 42. Qg3 Rf1+ 0-1

[Event "Frankfurt Ch 2009"]
[Site "Ffm-Kalbach, LAZ"]
[Date "2009.04.27"]
[Round "1.61"]
[White "Gutacker, Stephan"]
[Black "Honert, Stefan"]
[Result "1-0"]
[WhiteElo "1967"]
[BlackElo "1311"]
[PlyCount "41"]
[EventDate "2009.??.??"]
[WhiteTeam "Sfr.1932 Kelkheim"]
[BlackTeam "Sfr. Frankfurt 1921"]

1. e4 d5 2. exd5 Nf6 3. d4 Qxd5 4. Nc3 Qa5 5. Bc4 Bf5 6. Bd2 c6 7. Nf3 e6 8.
Nd5 Qd8 9. Nxf6+ gxf6 10. O-O Bd6 11. Re1 Nd7 12. Nh4 Bg6 13. d5 Ne5 14. Bb3 f5
15. g3 Qd7 16. dxe6 fxe6 17. f4 Bc5+ 18. Be3 Bxe3+ 19. Rxe3 Qxd1+ 20. Rxd1 Bh5
21. Rde1 1-0

[Event "Frankfurt Ch 2009"]
[Site "Ffm-Kalbach, LAZ"]
[Date "2009.04.27"]
[Round "1.62"]
[White "Grohmüller, Robert"]
[Black "Ostermeier, Thorsten"]
[Result "0-1"]
[WhiteElo "1302"]
[BlackElo "1971"]
[PlyCount "80"]
[EventDate "2009.??.??"]
[WhiteTeam "FB Mörlenbach-Birkenau"]
[BlackTeam "Sfr. Frankfurt 1921"]

1. d4 f5 2. c4 Nf6 3. Nc3 g6 4. Nf3 Bg7 5. g3 d6 6. Bg2 O-O 7. O-O c6 8. Qc2
Qe8 9. e4 fxe4 10. Nxe4 Bf5 11. Nxf6+ exf6 12. Qb3 Qf7 13. Bf4 Be6 14. Nd2 Qd7
15. Rfe1 Bf7 16. Rac1 Na6 17. Qa4 d5 18. c5 Rfe8 19. Qa5 Qd8 20. Qxd8 Raxd8 21.
a3 Nb8 22. Nf3 Nd7 23. Bh3 Nf8 24. Bc7 Rxe1+ 25. Rxe1 Re8 26. Rxe8 Bxe8 27. Bc8
g5 28. h3 h5 29. Bxb7 Bd7 30. Ba6 Ne6 31. Bb8 g4 32. hxg4 hxg4 33. Nh4 Nxd4 34.
Bxa7 Bh6 35. b4 Nc2 36. Bb8 Nxa3 37. Bd3 Bd2 38. Nf5 Bxb4 39. Bd6 Bd2 40. Be2
Bxf5 0-1

[Event "Frankfurt Ch 2009"]
[Site "Ffm-Kalbach, LAZ"]
[Date "2009.04.27"]
[Round "1.63"]
[White "Ganjian, Mehrdad"]
[Black "Hanka, Katrin"]
[Result "1-0"]
[WhiteElo "1834"]
[BlackElo "1269"]
[PlyCount "101"]
[EventDate "2009.??.??"]
[WhiteTeam "Sfr. Frankfurt 1921"]
[BlackTeam "Bad Vilbeler Sfr.1985"]

1. c4 e5 2. Nc3 b6 3. d3 Bb7 4. e4 Bb4 5. f4 exf4 6. Bxf4 Ne7 7. Be2 Nbc6 8. a3
Bc5 9. b4 Bd4 10. Rc1 O-O 11. Bf3 Ng6 12. Bg3 Be5 13. Nge2 Bxg3+ 14. Nxg3 Nd4
15. O-O Nh4 16. Nce2 Ndxf3+ 17. gxf3 Qg5 18. f4 Qg4 19. Nd4 Qh3 20. Rc2 f5 21.
Ndxf5 Nxf5 22. Nxf5 Rf6 23. Rf3 Qh5 24. Ng3 Qg4 25. Qf1 Raf8 26. Rcf2 Rh6 27.
Rg2 Qh4 28. Ne2 d6 29. Rfg3 Rf7 30. Nd4 Qf6 31. Ne2 Bc8 32. f5 Qb2 33. Qc1 Qe5
34. Qxh6 Qa1+ 35. Qc1 Qe5 36. Qc3 Bd7 37. Qxe5 dxe5 38. Nc3 a6 39. Nd5 Be8 40.
f6 g6 41. h4 c6 42. Ne7+ Kf8 43. Rf2 a5 44. h5 Rxe7 45. fxe7+ Kxe7 46. h6 Bf7
47. Rgf3 Be6 48. Rf8 axb4 49. axb4 b5 50. c5 Kd7 51. Rh8 1-0

[Event "Frankfurt Ch 2009"]
[Site "Ffm-Kalbach, LAZ"]
[Date "2009.04.27"]
[Round "1.64"]
[White "Leßmann, Sven"]
[Black "Kretner, Georg-Ulrich"]
[Result "0-1"]
[WhiteElo "1193"]
[BlackElo "1850"]
[PlyCount "60"]
[EventDate "2009.??.??"]
[WhiteTeam "SC Bad Soden"]
[BlackTeam "SC Bad Nauheim"]

1. d4 g6 2. c4 Nf6 3. Nc3 Bg7 4. Nf3 O-O 5. e4 d6 6. Bd3 Nc6 7. O-O Bg4 8. Be3
e5 9. Be2 Re8 10. Re1 exd4 11. Nxd4 Bxe2 12. Qxe2 Nxe4 13. Nd5 Nxd4 14. Qd1 Nf5
15. Bf4 c6 16. Ne3 Nxe3 17. Bxe3 Nc5 18. Rb1 Ne6 19. Re2 d5 20. Rd2 d4 21. Rd3
c5 22. Qd2 Qh4 23. g3 Qe4 24. Bf4 Nxf4 25. gxf4 Bh6 26. f3 Qf5 27. Rd1 Re7 28.
Kh1 Rae8 29. Rg1 Re2 30. Qd1 Bxf4 0-1

[Event "Frankfurt Ch 2009"]
[Site "Ffm-Kalbach, LAZ"]
[Date "2009.04.27"]
[Round "1.65"]
[White "Sarközy, Benjamin"]
[Black "Hohls, Henning"]
[Result "1-0"]
[WhiteElo "1820"]
[BlackElo "1113"]
[PlyCount "73"]
[EventDate "2009.??.??"]
[WhiteTeam "SC 1933 Somborn"]
[BlackTeam "SC 1934 Gelnhausen"]

1. d4 d5 2. Bg5 Nc6 3. e3 Bf5 4. Nf3 f6 5. Bf4 e6 6. c4 Bxb1 7. Rxb1 Bb4+ 8.
Nd2 Nge7 9. a3 Bxd2+ 10. Qxd2 O-O 11. Be2 Qe8 12. O-O e5 13. dxe5 fxe5 14. Bg3
d4 15. exd4 exd4 16. Bxc7 Qd7 17. Bg3 Rad8 18. Rbd1 Nf5 19. Bf3 Nxg3 20. hxg3
Ne5 21. Bd5+ Kh8 22. Qxd4 Nf3+ 23. gxf3 Qh3 24. Qh4 Qxh4 25. gxh4 Rf4 26. Bxb7
Rdf8 27. Be4 Rxh4 28. Rd5 g6 29. Rfd1 Kg7 30. c5 Rff4 31. c6 g5 32. Rxg5+ Kf6
33. Rgd5 Ke6 34. c7 Rf8 35. Rd8 Rxd8 36. cxd8=Q Rh6 37. Qd6+ 1-0

[Event "Frankfurt Ch 2009"]
[Site "Ffm-Kalbach, LAZ"]
[Date "2009.04.27"]
[Round "1.66"]
[White "Paulicks, Frank"]
[Black "Petri, Igor"]
[Result "0-1"]
[WhiteElo "1083"]
[BlackElo "1818"]
[PlyCount "74"]
[EventDate "2009.??.??"]
[WhiteTeam "Sfr.1891 Friedberg"]
[BlackTeam "TuS Makkabi Ffm"]

1. d4 e6 2. Bf4 f5 3. e3 Nf6 4. Nd2 b6 5. Ngf3 Bb7 6. Be2 Be7 7. c3 O-O 8. Qc2
h6 9. Rg1 d6 10. h3 Kh8 11. g4 Ne4 12. Nxe4 Bxe4 13. Qb3 Bd5 14. Qc2 g5 15. Bh2
fxg4 16. Ne5 dxe5 17. Bxe5+ Rf6 18. Bxg4 Nd7 19. Bxf6+ Nxf6 20. Be2 Be4 21. Bd3
Qd5 22. Qe2 Bxd3 23. Qxd3 Qe4 24. Qe2 c5 25. dxc5 Bxc5 26. Rd1 Rf8 27. b4 Be7
28. Kd2 Bxb4 29. cxb4 Qxb4+ 30. Kc1 Rc8+ 31. Qc2 Qa3+ 32. Kb1 Rxc2 33. Kxc2
Qxa2+ 34. Kd3 Qb3+ 35. Ke2 a5 36. h4 g4 37. Rb1 Qc2+ 0-1

[Event "Frankfurt Ch 2009"]
[Site "Ffm-Kalbach, LAZ"]
[Date "2009.04.27"]
[Round "1.68"]
[White "Precht, Marten"]
[Black "Schreyer, Alois"]
[Result "0-1"]
[WhiteElo "965"]
[BlackElo "2113"]
[PlyCount "36"]
[EventDate "2009.??.??"]
[WhiteTeam "SC 1933 Somborn"]
[BlackTeam "SC Steinbach"]

1. e4 e6 2. Nc3 d5 3. exd5 exd5 4. d4 Nf6 5. Bd3 Nc6 6. Nf3 Bg4 7. Be3 Bb4 8.
O-O O-O 9. h3 Bh5 10. Be2 Re8 11. Bg5 Bxc3 12. bxc3 Qd6 13. Re1 Ne4 14. Bd2 Re7
15. Nh4 Qf6 16. Bxh5 Qxf2+ 17. Kh1 Qxh4 18. Bf3 Nf2+ 0-1

[Event "Frankfurt Ch 2009"]
[Site "Ffm-Kalbach, LAZ"]
[Date "2009.04.27"]
[Round "1.74"]
[White "Schramm, Christian"]
[Black "Thomele, Michael"]
[Result "1-0"]
[WhiteElo "2307"]
[BlackElo "1885"]
[PlyCount "49"]
[EventDate "2009.??.??"]
[WhiteTeam "SC 1959 Obernau"]
[BlackTeam "SC 1959 Obernau"]

1. e4 g6 2. d4 Bg7 3. f4 d6 4. Nf3 e6 5. c4 b6 6. Nc3 Ne7 7. Be2 d5 8. O-O Bb7
9. cxd5 exd5 10. e5 O-O 11. g4 Ba6 12. Bxa6 Nxa6 13. f5 gxf5 14. gxf5 Nxf5 15.
Qd3 Qc8 16. Ng5 f6 17. Nxh7 Nb4 18. Qh3 Nxd4 19. Qh4 Ndc2 20. Nxf8 Qxf8 21.
exf6 Bxf6 22. Rxf6 Qg7+ 23. Kh1 Rf8 24. Bh6 Qxf6 25. Rg1+ 1-0

[Event "Frankfurt Ch 2009"]
[Site "Ffm-Kalbach, LAZ"]
[Date "2009.04.27"]
[Round "1.77"]
[White "Abrahamyan, Arsen"]
[Black "Bagatsch, Thomas"]
[Result "1-0"]
[WhiteElo "1415"]
[BlackElo "2123"]
[PlyCount "41"]
[EventDate "2009.??.??"]
[WhiteTeam "Frankfurter TV 1860"]
[BlackTeam "SC Brett vor'm Kopp Ffm"]

1. e4 e5 2. Nf3 Nc6 3. d4 exd4 4. Nxd4 Qh4 5. Nb5 Bc5 6. Qe2 Nd4 7. Nxd4 Bxd4
8. c3 Bb6 9. Nd2 Nf6 10. g3 Qh5 11. Qxh5 Nxh5 12. Bg2 d6 13. Nc4 O-O 14. O-O
Be6 15. Nxb6 axb6 16. a3 Nf6 17. Bf4 Nd7 18. Rfe1 Nc5 19. Rad1 Bb3 20. Rd2 Rfe8
21. e5 {Handy klingelte!} 1-0